Investing in Catalonia
ISBN:
84-393-0016-6
Publicado:
Barcelona :
Generalitat de Catalunya. Departament de Comerç i Turisme. Direcció General de Promoció Comercial ,
1982
Descripción Física:
43 p. : il., col. ; 30 cm
Otros Autores:
Catalunya. Direcció General de Promoció Comercial
Materias:
Inversions estrangeres -- Catalunya
MARC
| LEADER | 00000nam a2200000Ia 4500 | ||
|---|---|---|---|
| 001 | 1141 | ||
| 008 | 160829s1982 xx 000 0 cat d | ||
| 020 | |a 84-393-0016-6 | ||
| 080 | |a FU-17-9 | ||
| 245 | |a Investing in Catalonia | ||
| 260 | |a Barcelona : |b Generalitat de Catalunya. Departament de Comerç i Turisme. Direcció General de Promoció Comercial, |c 1982 | ||
| 300 | |a 43 p. : |b il., col. ; |c 30 cm | ||
| 650 | |a Inversions estrangeres |x Catalunya |9 22030 | ||
| 700 | |a Catalunya. Direcció General de Promoció Comercial |9 22013 | ||
| 901 | |a Arxiu | ||
| 942 | |n 1 | ||
| 952 | |0 0 |1 0 |4 0 |6 FU179 |7 1 |9 42011 |a Arxiu |b Arxiu |d 2016-12-01 |l 0 |o FU-17-9 |p 1141 |r 2016-12-01 00:00:00 |w 2016-12-01 |y ARXIU | ||
| 999 | |c 44458 |d 44458 | ||